Le Sahara (Registro nro. 162403)
[ vista simple ]
| 000 -LEADER | |
|---|---|
| campo de control de longitud fija | 01012nam a2200205 i 4500 |
| 001 - NÚMERO DE CONTROL | |
| campo de control | 162403 |
| 003 - IDENTIFICADOR DE NÚMERO DE CONTROL | |
| campo de control | ES-MaACL |
| 005 - FECHA Y HORA DE LA ÚLTIMA TRANSACCIÓN | |
| campo de control | 20230906212521.0 |
| 008 - DATOS DE LONGITUD FIJA--INFORMACIÓN GENERAL | |
| campo de control de longitud fija | 041112s1872 ae ab |||| | fre d |
| 040 ## - FUENTE DE CATALOGACIÓN | |
| Centro catalogador/agencia de origen | CAM |
| Lengua de catalogación | spa |
| Centro/agencia transcriptor | CAM |
| 100 1# - ENTRADA PRINCIPAL--NOMBRE DE PERSONA | |
| Nombre de persona | Pomel, Auguste. |
| 9 (RLIN) | 131256 |
| 245 13 - MENCIÓN DEL TÍTULO | |
| Título | Le Sahara |
| Resto del título | : observations de géologie et de géographie physique et biologique, avec des aperçus sur l'Atlas et le Soudan et Discussion de l'hypothèse de la Mer Saharienne à l'époque préhistorique / |
| Mención de responsabilidad, etc. | par A. Pomel. |
| 260 ## - PUBLICACIÓN, DISTRIBUCIÓN, ETC. | |
| Lugar de publicación, distribución, etc. | Alger : |
| Nombre del editor, distribuidor, etc. | Association Ouvrière Victor Aillaud et Compagnie, |
| Fecha de publicación, distribución, etc. | 1872. |
| 300 ## - DESCRIPCIÓN FÍSICA | |
| Extensión | 139 p., [1] h. de map. pleg. ; |
| Dimensiones | 23 cm. |
| 500 ## - NOTA GENERAL | |
| Nota general | Publication de la Société de Climatologie d'Alger. |
| 599 ## - NOTA A LAS ILUSTRACIONES | |
| NOTA A LAS ILUSTRACIONES | La h. de map. pleg. cromolit.: "Carte geologique du Massif de Milianah par A. Pomel" |
| 650 #4 - PUNTO DE ACCESO ADICIONAL DE MATERIA--TÉRMINO DE MATERIA | |
| Término de materia o nombre geográfico como elemento de entrada | Sahara- |
| Subdivisión general | Descripción. |
| 9 (RLIN) | 223655 |
| 852 ## - LOCALIZACIÓN | |
| Ubicación | ES-MaACL |
| Número de control de estantería | B-7987(1) |
| Nota libre | -- Enc. tela |
| -- | -- Forma parte de la col. facticia "España geológica. Memorias y documentos varios" |
| Estatus retirado | Estado de pérdida | Estado de daño | No para préstamo | Colección | Biblioteca de origen | Biblioteca actual | Ubicación en estantería | Fecha de adquisición | Fuente de adquisición | Total de préstamos | Signatura topográfica completa | Código de barras | Visto por última vez | Precio de reemplazo | Tipo de ítem Koha |
|---|---|---|---|---|---|---|---|---|---|---|---|---|---|---|---|
| Libros del s. XIX | Biblioteca del Ateneo de Madrid | Biblioteca del Ateneo de Madrid | Sala Pardo Bazán | 17/01/2008 | B-7987(1) | 1170139 | 23/02/2023 | 23/02/2023 | Libro impreso antiguo |
